Students' guide to information technology

Αποθηκεύτηκε σε:
Λεπτομέρειες βιβλιογραφικής εγγραφής
Κύριος συγγραφέας: Carter, Roger 1939-
Άλλοι συγγραφείς: Sinclair, Ian Robertson
Μορφή: Βιβλίο
Γλώσσα:English
Δημοσίευση: Oxford : Butterworth Heinemann, c1997
Έκδοση:3rd ed.
Θέματα:
Ετικέτες: Προσθήκη ετικέτας
Δεν υπάρχουν, Καταχωρήστε ετικέτα πρώτοι!

MARC

LEADER 00000nam a2200000 i 4500
001 1/85354
008 990701s1997 eng d
020 |a 0-7506-3657-2 
035 |l 10051818 
040 |a GR-MY-UA  |b gre  |e aacr 
041 0 |a eng 
082 0 |a 004 
100 1 |a Carter, Roger  |d 1939- 
245 1 0 |a Students' guide to information technology /  |c Roger Carter; Ian Sinclair 
250 |a 3rd ed. 
260 |a Oxford :   |b Butterworth Heinemann,   |c c1997 
300 |a xii, 226 σ.;  |b εικ.;  |c 25 εκ. 
504 |a Περιέχει ευρετήριο 
650 0 0 |a Information technology. 
700 1 |a Sinclair, Ian Robertson. 
852 |a INST  |b LESVOS  |e 19990701  |h 004 CAR  |p 005100020028  |q 005100020028  |t BK  |y 0 
901 |a BIBL1-1999-2 
909 |a Λ  |b 062444 
922 |a 1ΕΛΗ  |b 199812  |c ΚΠΣ/ΚΥΒ  |d LEADER 
950 |a 023-1998-09-14 
970 |a ΜΟΥΣΤΑΚΑ  |b ΠΗΝΕΛΟΠΗ  |z 1999/07/02